International Review of Administrative Sciences <an> international journal of comparative public administration

Saved in:
Bibliographic Details
Format: Serial
Language:English
Published: London SAGE Publ.
Subjects:
Tags: Add Tag
No Tags, Be the first to tag this record!

MARC

LEADER 00000nas1a22000001 4500
001 s120091
005 20250701092105.7
022 |a 0020-8523 
022 |a 1461-7226 
041 0 |a eng 
044 |a GB 
245 1 0 |a International Review of Administrative Sciences  |b <an> international journal of comparative public administration 
264 1 |a London  |b SAGE Publ. 
610 2 0 |a administratíva 
610 2 0 |a správa štátna 
610 2 0 |a správa verejná